[Event "1st Irena Warakomska Memorial"]
[Site "Suwalki"]
[Date "2017.08.15"]
[Round "6"]
[White "Kveinys, Aloyzas"]
[Black "Markowski, Tomasz"]
[Result "1/2-1/2"]
[WhiteElo "2548"]
[BlackElo "2552"]
[Annotator "TA"]
[PlyCount "80"]
[EventDate "2017.??.??"]
[EventType "swiss"]
[EventCountry "POL"]
[SourceTitle "playchess.com"]
[Source "ChessBase"]
[SourceQuality "1"]

{[%evp 14,80,-28,-31,-27,-29,-17,-50,-47,-45,-44,-67,-53,-48,-56,-43,-42,-47,-46,-60,-52,-56,-36,-55,-34,-38,-39,-48,-27,-72,-42,-48,-27,-38,-35,-58,-45,-70,-70,-62,-64,-57,-48,-68,-48,-51,-42,-53,-53,-58,-52,-84,-38,-41,-38,-40,-38,-44,-44,-57,-37,-45,-35,-51,-30,-83,-15,-15,-15]} 1. e4 c5 2. Nf3 Nc6 3. Bb5 e6 4. O-O Nge7 5. Re1 Nd4 6. Nxd4 cxd4 7. c4 {B30: Sicilian: 2...Nc6 3 Bb5, lines without ...g6} Ng6 8. d3 {LiveBook: 3 Games} Be7 9. Nd2 {Black has an edge.} O-O 10. Nb3 $146 ({Find the theoretical novelty and annotate with similar games:} 10. Ba4 e5 11. Rb1 d6 12. b4 Kh8 13. Nf1 Bg5 14. Kh1 Bxc1 15. Rxc1 {0-1 (32) Bellini,F (2502)-Moiseenko,A (2623) Moscow 2004}) 10... a6 11. Ba4 e5 12. c5 d6 13. cxd6 $1 Bxd6 {[#] ...b5 is the strong threat.} 14. Nd2 $1 Qf6 15. Bb3 Bd7 (15... Nf4 {with more complications.} 16. Nf3 Ne6 17. Bd2 Bd7 18. Qe2 a5) 16. Qf3 Qxf3 17. Nxf3 Rac8 18. h3 h6 19. Rd1 Kh7 20. Nd2 b5 21. Nf1 Ne7 22. Bd2 g6 23. Rac1 Kg7 24. Rxc8 Rxc8 25. Rc1 Rxc1 26. Bxc1 a5 {[%cal Ba6a5,Ba5a4][%mdl 32]} 27. a3 a4 28. Ba2 Nc6 29. Bd5 Nd8 (29... Nb8 {is more complex.} 30. Nd2 Na6 31. Kf1 g5 32. Nf3 Nc5) 30. Bd2 Ne6 31. Bxe6 Bxe6 $15 {[%mdl 4096] Endgame KBB-KBN} 32. f3 h5 33. Kf2 f6 34. Bb4 Bc7 35. Nd2 Kf7 36. Ke2 Ke8 37. Kf2 Kd7 38. Ke2 f5 39. Kf2 (39. f4 $11 {keeps the balance.}) 39... Bd8 (39... f4 $17) 40. exf5 $1 $11 Bxf5 {Precision: White = 58%, Black = 48%.} 1/2-1/2

[Event "1st Irena Warakomska Memorial"]
[Site "Suwalki"]
[Date "2017.08.15"]
[Round "6"]
[White "Mihok, Oliver"]
[Black "Teclaf, Pawel"]
[Result "1-0"]
[WhiteElo "2534"]
[BlackElo "2373"]
[Annotator "TA"]
[PlyCount "79"]
[EventDate "2017.??.??"]
[EventType "swiss"]
[EventCountry "POL"]
[SourceTitle "playchess.com"]
[Source "ChessBase"]
[SourceQuality "1"]

{[%evp 15,79,19,22,14,66,66,60,18,68,55,65,66,136,134,164,138,146,126,128,131,150,143,152,142,258,169,281,291,409,400,397,369,622,631,667,663,631,635,617,574,593,575,636,627,681,686,632,613,586,501,602,591,681,673,662,658,735,725,726,699,718,722,701,650,721,699]} 1. e4 c5 2. Nf3 d6 3. Bb5+ Nd7 4. d4 cxd4 5. Qxd4 a6 6. Bxd7+ Bxd7 7. c4 {B51: Sicilian: Moscow Variation (3 Bb5+) without 3...Bd7} (7. O-O Nf6 8. c4 g6 9. Nc3 Bg7 10. a4 O-O 11. Qd3 Bg4 12. Nd2 Nd7 13. h3 Ne5 14. Qc2 Bd7 15. b3 Rc8 {½-½ (73) Solak,D (2641)-Ponomariov,R (2712) Khanty-Mansiysk 2017}) 7... Rc8 8. Nc3 Nf6 {LiveBook: 4 Games} 9. Bg5 $146 {The position is equal.} ({Predecessor:} 9. O-O e5 10. Qd3 Qc7 11. Nd2 Be7 12. a4 O-O 13. b3 Be6 14. Ba3 Nd7 {½-½ (27) Harsha,B (2344)-Narayanan,S (2477) Noida 2016}) 9... h6 (9... e6 $11) 10. Bxf6 $1 $14 gxf6 11. Nd5 Rg8 12. O-O Bh3 13. Ne3 Qd7 {[#]} (13... h5 $14) 14. Nh4 $1 $16 Rc5 15. Kh1 Be6 16. Nhf5 h5 17. Rfe1 Rc8 18. Nd5 Bxd5 19. cxd5 Rg6 (19... e6 $16 {is a better defense.}) 20. Qd1 Qb5 (20... Rg5 $142 21. f4 Rg8) 21. Rc1 $18 Kd7 (21... Rxc1 {was worth a try.} 22. Qxc1 Qd7) 22. Rxc8 Kxc8 23. Qxh5 Qb4 $2 (23... Kd7 24. Qh3 Qxb2 25. Nh4+ Kc7 26. Nxg6 fxg6) 24. Rc1+ {White is clearly winning.} Kb8 25. Qh8 $1 {[%csl LRe7,LRf8]} Ka7 26. Qxf8 Qxe4 {[%csl Gg6][%cal Re4g2] [#]} 27. Ng3 Qe5 28. Qxf7 Qxb2 29. Rf1 Rg5 30. Qxe7 Rxd5 31. Qe3+ Kb8 32. Qb3 Qd4 33. Kg1 f5 34. Rb1 {[%csl Gb1][%cal Rb3b7]} Rb5 35. Qg8+ Ka7 36. Rxb5 axb5 37. Qb3 f4 38. Nf1 b4 39. g3 {[%cal Bg2g3,Bg3f4][%mdl 32]} d5 40. gxf4 {Precision: White = 85%, Black = 32%.} 1-0

[Event "1st Irena Warakomska Memorial"]
[Site "Suwalki"]
[Date "2017.08.15"]
[Round "6"]
[White "Gleizerov, Evgeny"]
[Black "Krzyzanowski, Marcin"]
[Result "1-0"]
[WhiteElo "2519"]
[BlackElo "2464"]
[Annotator "TA"]
[PlyCount "147"]
[EventDate "2017.??.??"]
[EventType "swiss"]
[EventCountry "POL"]
[SourceTitle "playchess.com"]
[Source "ChessBase"]
[SourceQuality "1"]

{[%evp 18,147,3,0,4,0,0,0,0,0,2,-14,0,0,0,0,0,0,0,0,0,0,0,0,0,0,0,-18,-16,-14,-13,-19,-17,-33,10,5,68,49,131,91,443,435,309,497,521,529,527,520,507,473,498,472,384,495,521,521,500,300,410,296,338,323,495,481,470,315,433,257,318,257,257,257,257,114,259,266,286,297,286,286,286,286,221,308,864,308,859,863,410,86,604,587,486,315,29962,29965,5616,2737,29966,29968,29968,29969,29969,29970,29970,29969,29969,29970,29971,29972,29973,29974,29975,29976,29975,29977,29977,29978,29978,29978,29978,29979,29980,29981,29982,29983,29983,29984,29985,29986,29987,29988]} 1. d4 Nf6 2. c4 e6 3. g3 d5 4. Nf3 Bb4+ 5. Bd2 Be7 6. Bg2 O-O 7. O-O Nbd7 8. Qb3 {E11: Bogo-Indian} (8. Qc2 c6 9. a4 a5 10. Rc1 Ne4 11. Ne1 Nd6 12. Na3 b6 13. cxd5 cxd5 14. b4 axb4 15. Bxb4 Ba6 16. e3 Nc4 {0-1 (54) So,W (2812)-Karjakin,S (2781) Paris 2017}) 8... a5 9. Nc3 c6 10. Rfd1 {LiveBook: 5 Games. The position is equal.} a4 11. Nxa4 dxc4 12. Qc2 b5 13. Nc3 {[#]} Qb6 $146 ({Predecessor:} 13... Bb7 14. e4 b4 15. e5 bxc3 16. exf6 Nxf6 17. Bxc3 {½-½ (46) Gleizerov,E (2587)-Yegiazarian,A (2567) Kolkata 2002}) 14. e4 e5 15. d5 ({Of course not} 15. dxe5 Ng4 $17) 15... cxd5 16. Nxd5 Nxd5 17. exd5 Bc5 18. Be1 f5 19. Ng5 $1 e4 20. Ne6 Rf7 21. a4 Ne5 22. axb5 Rxa1 23. Rxa1 {Strongly threatening Ra8.} Bxe6 24. dxe6 Qxe6 25. b3 $1 Rc7 26. bxc4 Bb6 (26... Qxc4 $11 27. Qxc4+ Nxc4) 27. Ra6 {aiming for c5!} Nxc4 ({Black should play} 27... Rxc4 $14 28. Qa2 Kf7) 28. Qa2 {Hoping for Bf1.} Kf7 $2 {[%mdl 8192]} (28... Qd5 $16 {is a better chance.}) 29. Bf1 $1 $18 e3 30. Bxc4 $1 exf2+ 31. Bxf2 Bxf2+ 32. Qxf2 ({Less strong is} 32. Kxf2 Qxc4 33. b6 Rc8 $14) 32... Qxc4 33. Qxf5+ {[%mdl 4096] Endgame KQR-KQR} Ke7 34. Qe5+ Kf7 {And now ...Qc1+ would win.} 35. Ra1 Qc5+ 36. Qxc5 Rxc5 {KR-KR} 37. Rb1 Rc7 38. b6 Rb7 39. Kf2 Ke7 (39... Ke6 $142 40. Ke3 Kd5) 40. Ke3 Kd7 41. Kf4 Kc8 42. Kg5 (42. Rb4 $142 Rf7+ 43. Kg5) 42... Rd7 43. b7+ Kb8 44. Rb5 Rd3 45. Kh4 (45. Kf4 $18 {and White stays clearly on top.}) 45... Rd7 {[#]} (45... Rd2 $16 {was called for.}) 46. Kg4 $1 Rd4+ 47. Kf5 Rd6 48. h4 Rf6+ 49. Kg4 Rd6 50. Kf4 Rd7 $2 (50... Rc6 51. h5 Rc7) 51. g4 $2 (51. h5 Rc7 52. g4) 51... Rf7+ $2 (51... Rd4+ 52. Kf5 Rc4) 52. Kg5 Rf6 53. Rf5 $2 (53. Rd5 $18) 53... Rg6+ $2 {[%mdl 8192]} (53... Rc6 $16) 54. Kf4 Rc6 55. Ke5 Rg6 $2 (55... Rc7 $18 56. Ke6 Rc6+ 57. Kf7 g6) 56. Rg5 Rh6 57. h5 g6 58. hxg6 {White mates.} hxg6 59. Kf6 Kxb7 60. Rxg6 Rh1 61. Rg7+ Kc6 62. Re7 Rh6+ 63. Kg7 Rh1 64. g5 {[%cal Bg4g5,Bg5g6,Bg6g7][%mdl 32]} Kd6 65. Re2 Kd7 66. g6 Rg1 67. Kf7 Rf1+ 68. Kg8 Rg1 69. g7 Rh1 70. Re4 Rh2 71. Kf7 Rf2+ {[#]} 72. Kg6 $1 Rg2+ 73. Kf6 Rg1 74. Re5 {Precision: White = 66%, Black = 38%.} 1-0

[Event "1st Irena Warakomska Memorial"]
[Site "Suwalki"]
[Date "2017.08.15"]
[Round "6"]
[White "Jarmula, Lukasz"]
[Black "Ulybin, Mikhail"]
[Result "1/2-1/2"]
[WhiteElo "2457"]
[BlackElo "2518"]
[Annotator "TA"]
[PlyCount "91"]
[EventDate "2017.??.??"]
[EventType "swiss"]
[EventCountry "POL"]
[SourceTitle "playchess.com"]
[Source "ChessBase"]
[SourceQuality "1"]

{[%evp 14,91,53,39,54,51,62,54,51,20,23,25,39,33,49,16,12,4,12,-32,0,-31,0,-15,28,19,23,20,26,0,0,0,0,0,0,0,18,25,29,0,0,-19,0,0,0,0,0,0,0,0,0,0,0,0,0,0,0,-6,0,0,0,-15,0,0,0,-3,-6,-8,0,0,0,0,0,0,0,0,0,0,0,0]} 1. d4 d5 2. c4 c5 3. cxd5 Qxd5 4. Nf3 cxd4 5. Nc3 Qa5 6. Nxd4 {D06: Queen's Gambit: Symmetrical and Baltic Defences} Nf6 7. Bd2 e5 8. Ndb5 {LiveBook: 3 Games. White is slightly better.} Na6 9. a3 $146 ({Predecessor:} 9. e4 Bc5 10. Be2 O-O 11. O-O {1-0 (41) Akopian,V (2685)-Ulybin,M (2587) Moscow 2012}) 9... Be7 10. b4 Qd8 11. e4 O-O 12. Be3 Bd7 13. f3 Qb8 14. Rc1 Rc8 15. Qb3 Be6 16. Qa4 Nd7 (16... Nxb4 $5 17. axb4 a6 $15) 17. Qd1 Nc7 (17... Nxb4 $5 18. axb4 a6 $11) 18. Be2 Ne8 {[#] White must now prevent ...a6.} 19. Nd5 Bh4+ 20. g3 {Threatens to win with Rxc8.} Rxc1 21. Qxc1 (21. Bxc1 {feels hotter.} Bd8 22. Be3 Ndf6 23. Nxf6+ Bxf6 24. O-O) 21... Bxd5 22. exd5 Be7 23. O-O a6 24. Nc3 Nd6 25. Ne4 Qd8 26. Nxd6 (26. Qb2 {seems wilder.} a5 27. Rc1 axb4 28. axb4 g6 29. Bd3) 26... Bxd6 {The position is equal.} 27. Qd2 Rc8 28. Kg2 h6 29. Bd1 Qc7 30. Bb3 Qc3 31. Rc1 Qxd2+ 32. Bxd2 Rxc1 33. Bxc1 $11 {[%mdl 4096] Endgame KBB-KBN} Kf8 34. Be3 Ke7 35. Kf2 Bc7 (35... a5 $5 {[%cal Ra5b4]}) 36. Bc5+ Bd6 37. Be3 f5 {[%cal Bf7f5,Bf5f4][%mdl 32]} (37... a5 $5) 38. Bc2 f4 39. Bc1 Bc7 40. Bb2 Bb6+ 41. Ke2 fxg3 42. hxg3 Kd6 43. Bf5 Nf6 44. Bc8 Kc7 45. Be6 Kd6 46. Bc8 {Precision: White = 67%, Black = 67%.} 1/2-1/2

[Event "1st Irena Warakomska Memorial"]
[Site "Suwalki"]
[Date "2017.08.15"]
[Round "6"]
[White "Bilguun, Sumiya"]
[Black "Mastrovasilis, Dimitrios"]
[Result "1/2-1/2"]
[WhiteElo "2443"]
[BlackElo "2596"]
[Annotator "TA"]
[PlyCount "33"]
[EventDate "2017.??.??"]
[EventType "swiss"]
[EventCountry "POL"]
[SourceTitle "playchess.com"]
[Source "ChessBase"]
[SourceQuality "1"]

{[%evp 32,33,27,22]} 1. e4 c5 2. Nf3 Nc6 3. d4 cxd4 4. Nxd4 Nf6 5. Nc3 e5 6. Ndb5 {[%cal Bd4b5,Bb5a3,Ba3c2][%mdl 32]} d6 7. Bg5 a6 8. Na3 b5 9. Nd5 Be7 10. Bxf6 Bxf6 11. c3 O-O 12. Nc2 Bg5 13. a4 bxa4 14. Rxa4 a5 15. Bc4 Rb8 16. b3 Kh8 {[#]} 17. h4 $146 {LiveBook: 22 Games. B33: Sicilian: Pelikan and Sveshnikov Variations} ({Predecessor:} 17. Nce3 g6 18. h4 Bxh4 19. g3 Bg5 20. f4 exf4 21. gxf4 Bh4+ 22. Kf1 f5 23. Ra2 fxe4 24. Rah2 g5 {1-0 (46) Giri,A (2768)-Shirov,A (2691) Hoogeveen 2014}) 1/2-1/2

[Event "1st Irena Warakomska Memorial"]
[Site "Suwalki"]
[Date "2017.08.15"]
[Round "6"]
[White "Grib, Roman"]
[Black "Warakomski, Tomasz"]
[Result "1-0"]
[WhiteElo "2427"]
[BlackElo "2536"]
[Annotator "TA"]
[PlyCount "137"]
[EventDate "2017.??.??"]
[EventType "swiss"]
[EventCountry "POL"]
[SourceTitle "playchess.com"]
[Source "ChessBase"]
[SourceQuality "1"]

{[%evp 17,137,45,47,0,0,0,0,-27,59,21,50,0,0,-29,9,-98,-62,-81,197,156,200,188,284,280,282,277,248,240,328,327,269,295,360,359,410,364,422,308,415,411,422,410,389,195,203,195,203,167,158,46,38,55,52,45,52,47,55,0,122,122,126,84,103,84,149,149,416,406,453,283,697,555,585,33,33,51,43,51,51,9,29,0,0,0,0,0,0,0,0,0,0,0,0,0,0,0,12851,12851,12851,12851,12851,12851,12851,12851,12851,29948,12851,29947,12851,12851,12851,0,12851,29978,29971,29979,12851,29979,12851,29981,12851,29982]} 1. e4 c6 2. Nf3 d5 3. Nc3 g6 4. h3 Bg7 5. d4 Nh6 6. Bf4 f6 7. Bd3 {B15: Caro-Kann: 3 Nc3: 3...g6 and 3...dxe4 4 Nxe4 Nf6 5 Nxf6+ exf6} Nf7 8. Qe2 (8. O-O O-O 9. Re1 e5 10. dxe5 fxe5 11. Bg3 d4 12. Nb1 Be6 13. Nbd2 Nd7 14. a4 Qe7 {0-1 (48) Kurnosov,I (2648)-Khismatullin,D (2660) Apatity 2011}) 8... O-O 9. O-O-O e5 {LiveBook: 3 Games} 10. Bh2 (10. Be3 $14) 10... exd4 $11 11. Nxd4 Re8 12. f4 $146 ({Predecessor:} 12. f3 f5 13. Nb3 fxe4 14. fxe4 d4 {½-½ (147) Shukh,N (2439)-Svetlov,D (2454) Nabereznye Chelny 2010}) 12... Qb6 (12... Bd7 $1 $11) 13. Nb3 Nd7 14. Bg1 Qc7 15. Qf3 Bh6 16. Be3 {[#]} (16. exd5 $11 {remains equal.} Nde5 17. Qf1) 16... f5 $1 $17 {[%cal Rf5e4][%mdl 512]} 17. e5 {[#]} (17. exf5 Rxe3) 17... Nf6 $2 {[%mdl 8192]} (17... Ndxe5 $1 $17 {[%mdl 512]} 18. fxe5 Nxe5 19. Bxh6 Nxf3 20. gxf3 a5) 18. Kb1 $36 {[%mdl 2048] Keeping Black busy.} (18. exf6 $2 Rxe3 19. Qf1 (19. Qxe3 $2 Bxf4 20. Rde1 Bxe3+ 21. Rxe3 Qf4 $19) (19. Nxd5 $2 cxd5 20. Qxd5 Be6 $19) 19... Qxf4 $19) 18... Ne4 19. g4 (19. Bxe4 fxe4 20. Qe2 b6 $11) 19... a5 (19... Bg7 {is a better defense.} 20. gxf5 (20. Bxe4 fxe4 21. Qe2 g5 $11) 20... Bxf5) 20. gxf5 (20. Bxe4 fxe4 21. Qf2 a4 $11) 20... Bxf5 21. Nxe4 ({Don't take} 21. Bxe4 $6 dxe4 22. Nxe4 Bg7 $16) 21... dxe4 22. Bxe4 Bxe4 23. Qxe4 Rad8 24. h4 {[%cal Bh3h4,Bh4h5][%mdl 32]} a4 25. Nc5 ({Less strong is} 25. Qxa4 Nxe5 26. Bc1 Rxd1 $16) 25... a3 26. b3 Qe7 27. h5 {Black must now prevent Rxd8.} g5 28. Rxd8 Rxd8 29. Nd3 gxf4 30. Bxf4 (30. Bc5 $142 Qe6 31. Bxa3) 30... Bxf4 31. Qxf4 {Hoping for h6.} h6 32. Qf5 Ng5 33. Nc5 (33. Re1 $16) 33... Rd5 $14 34. Qg6+ Qg7 35. Qxg7+ Kxg7 36. Nxb7 {[%mdl 4096] Endgame KRN-KRN} Ne4 $1 37. Nd6 ({Better is} 37. c4 $1 $14 Rd2 38. Rh3) 37... Nxd6 (37... Nc3+ $1 $11 {keeps the balance.} 38. Ka1 Rd2 39. Rg1+ Kf8 40. Rf1+ Ke7) 38. exd6 $16 Rxd6 $11 {KR-KR} 39. Kc1 Rd5 40. Rh4 Kf7 (40... c5 $142) 41. b4 $16 Rf5 $2 {[%mdl 8192] [#]} (41... Rg5 $16 42. Kd2 c5) 42. Kd2 $1 $18 {[%cal Rd2c3]} c5 {[#]} 43. Kc3 $1 cxb4+ $2 (43... Rf3+ 44. Kc4 cxb4) 44. Kxb4 Ke7 45. c4 $2 (45. Kxa3 $18 {Threatens to win with Kb4.} Ra5+ 46. Kb3) 45... Kd6 $14 46. Rd4+ Kc7 $1 47. Rd5 ({Much less strong is} 47. Kxa3 Rxh5 48. Kb4 Rh2 $16) 47... Rf3 $1 48. Ra5 Rh3 49. Rxa3 Rxh5 50. Ra6 Kb7 51. Rg6 (51. Ra4 {is interesting.} Rh2 52. Kc5 h5 53. Kd5 h4 54. Rb4+) 51... Rh2 52. a4 Rb2+ 53. Kc5 (53. Ka3 $5 {[%cal Ra3b2]} Rb6 54. Rg8 $16) 53... Ra2 54. Rg7+ (54. a5 $5) 54... Ka6 55. Kd6 {And now c5 would win.} Rxa4 56. c5 $2 {[%mdl 8192]} (56. Kd5 $11) 56... Rd4+ $2 {[%mdl 8192]} (56... Rf4 $11) 57. Kc7 $18 Rf4 58. c6 Rf8 59. Rg1 Rf7+ 60. Kd6 Rf6+ 61. Kd7 Rf7+ 62. Ke6 Rf8 63. Ke7 Rh8 64. Rb1 $2 ({White should try} 64. c7 $18 Kb7 65. Kd6) 64... h5 $2 {[%mdl 8192]} (64... Rh7+ $11 65. Kd6 Rg7) 65. c7 Ka7 66. Kd7 Rh7+ 67. Kc6 {[%cal Rb1a1]} Rh6+ 68. Kc5 Rh8 69. Rd1 {Precision: White = 44%, Black = 47%.} 1-0

[Event "1st Irena Warakomska Memorial"]
[Site "Suwalki"]
[Date "2017.08.15"]
[Round "6"]
[White "Zawadzka, Jolanta"]
[Black "Jakubowski, Krzysztof"]
[Result "0-1"]
[WhiteElo "2420"]
[BlackElo "2515"]
[Annotator "TA"]
[PlyCount "104"]
[EventDate "2017.??.??"]
[EventType "swiss"]
[EventCountry "POL"]
[SourceTitle "playchess.com"]
[Source "ChessBase"]
[SourceQuality "1"]

{[%evp 11,104,15,15,5,4,8,5,11,17,14,14,9,47,7,10,7,16,23,102,102,77,17,22,19,17,25,24,31,25,31,17,0,0,0,0,-30,0,-36,-39,-27,-27,-30,-22,-39,-33,-41,-52,-68,0,-47,-42,-56,-30,-31,0,0,-4,-13,-13,-13,0,0,0,0,0,0,0,0,0,0,0,-56,20,-42,0,0,0,0,0,0,8,0,0,0,0,0,0,-489,-463,-821,-821,-787,-752,-811,-795]} 1. e4 {[%cal Be2e4,Be4e5][%mdl 32]} c5 2. Nf3 d6 3. Bb5+ Nd7 4. d4 Ngf6 5. e5 cxd4 (5... Qa5+ 6. Nc3 Ne4 7. Rb1 a6 8. Bxd7+ Bxd7 9. O-O Nxc3 10. bxc3 e6 11. d5 Qxa2 12. Rb3 exd5 13. exd6 Be6 14. d7+ Bxd7 {1-0 (22) Mastrovasilis,D (2580)-Volokitin,A (2649) Minsk 2017}) 6. exf6 {B51: Sicilian: Moscow Variation (3 Bb5+) without 3...Bd7} Qa5+ {LiveBook: 4 Games} 7. c3 Qxb5 8. fxe7 {The position is equal.} Bxe7 9. Nxd4 Qe5+ 10. Be3 {[%cal Bc1e3,Be3d4,Bd4f6][%mdl 32]} O-O 11. Nd2 f5 $146 ({Find the theoretical novelty and annotate with similar games:} 11... Nf6 12. N4f3 Qb5 13. Qb3 {½-½ (49) Vlasov,V-Kopjonkin,G (2353) Voronezh 2000}) 12. O-O f4 13. N4f3 Qf5 14. Bd4 g5 (14... Nb8 $11) 15. Re1 Rf7 {[%cal Bf8f7,Bf7e7,Be7e2][%mdl 32]} 16. Nc4 (16. Qb3 $16 Kf8 17. h3) 16... Nf8 $11 17. Rxe7 Rxe7 18. Nxd6 Qd5 $1 {[%cal Rd5d6]} 19. Bf6 Qxd1+ 20. Rxd1 Re2 21. Nxg5 {[#] aiming for Kf1.} h6 $1 {[%cal Rh6g5]} 22. Ngf7 Be6 $36 {[%mdl 2048] Black has the initiative.} 23. Nxh6+ Kh7 24. Nhf5 Bxf5 25. Nxf5 Rae8 {( -> ...Re1+)} 26. Kf1 Rxb2 {Black wants to play ...Kg6.} 27. Ne7 Ng6 ({Stronger than} 27... Rxa2 28. Rd3 $16) 28. Nd5 Rxa2 29. h4 f3 (29... Ree2 $15 30. Bd4 Nxh4 31. Nxf4 Reb2) 30. Nb4 (30. Bg5 $5 {[%cal Rd5f6]} Ree2 31. Nf6+ Kg7 32. Ng4 $11) 30... Ra5 31. gxf3 Kg8 32. Bg5 Rf5 {[%mdl 1024] Black has compensation.} 33. Rd6 Ne7 34. f4 a5 35. Nc2 $1 Rc5 36. Re6 Rxc3 37. Ne3 Kf7 38. Rf6+ Kg8 39. Re6 Kf7 40. Rf6+ Kg8 41. Ng4 ({White should try} 41. Re6 $11) 41... Rc6 (41... Rf8 $1 $15 42. Re6 Nd5) 42. Nh6+ (42. Rxc6 $11 Nxc6 43. Nf6+ Kf8 44. Nxe8 Kxe8 45. h5) 42... Kh7 43. Rf7+ Kg6 {And now ...a4 would win.} 44. f5+ {[#]} Nxf5 $1 {[%mdl 512]} 45. Rxf5 a4 {[%cal Ba5a4,Ba4a3,Ba3a2][%mdl 32] Strongly threatening ...a3.} 46. Bf4 (46. Bd2 $5 {[%cal Rh4h5]} Re7 47. Rg5+ Kh7 48. Rh5 $11) 46... Rf6 47. h5+ Kg7 48. Rg5+ Kh7 49. Rg4 $2 {[%mdl 8192]} (49. Be5 $1 $11 {and White stays safe.} Rxe5 50. Rxe5 Kxh6 51. Rb5) 49... a3 $19 {...a2 is the strong threat.Black is clearly winning.} ({And not} 49... Rxh6 50. Bxh6 Kxh6 51. Rxa4 $11) 50. Bc1 (50. Bg5 $142 Ra6 51. Rb4) 50... a2 51. Bb2 Rb6 52. Bd4 Kxh6 {Precision: White = 53%, Black = 73%.} 0-1

[Event "1st Irena Warakomska Memorial"]
[Site "Suwalki"]
[Date "2017.08.15"]
[Round "6"]
[White "Cukrowski, Filip"]
[Black "Czerwonski, Aleksander"]
[Result "1-0"]
[WhiteElo "2413"]
[BlackElo "2392"]
[Annotator "TA"]
[PlyCount "81"]
[EventDate "2017.??.??"]
[EventType "swiss"]
[EventCountry "POL"]
[SourceTitle "playchess.com"]
[Source "ChessBase"]
[SourceQuality "1"]

{[%evp 26,81,10,12,20,0,0,0,44,46,30,29,47,46,46,46,36,47,39,46,65,43,29,48,53,51,73,41,47,56,81,79,143,133,249,167,140,121,255,190,189,175,416,409,758,773,750,741,1052,707,680,676,658,656,656,639,29997,29998]} 1. e4 e5 2. Nf3 Nc6 3. Bb5 {[%cal Bf1b5,Bb5a4,Ba4b3][%mdl 32]} a6 4. Ba4 Nf6 5. O-O b5 6. Bb3 Bb7 7. Re1 Bc5 8. c3 d6 9. d4 Bb6 10. h3 h6 {C78: Ruy Lopez: Archangelsk and Möller Defences} 11. Be3 O-O 12. d5 (12. Nbd2 exd4 13. cxd4 Nb4 14. Qb1 c5 15. a3 Nc6 16. d5 Ne5 17. Bc2 Rc8 18. Nh2 c4 19. Ndf1 Re8 20. Ng3 Bxe3 21. Rxe3 {½-½ (72) Durarbayli,V (2596)-Bachmann,A (2642) Las Vegas 2016}) 12... Ne7 13. Bxb6 cxb6 14. Nbd2 {[%cal Bb1d2,Bd2f1,Bf1e3][%mdl 32] LiveBook: 4 Games} Bc8 15. Nh4 Ra7 $146 ({Find the theoretical novelty and annotate with similar games:} 15... g5 16. Qf3 Kg7 17. Nf5+ Nxf5 18. exf5 Bd7 {½-½ (46) Ansell,S (2393)-Borvander,T (2161) Gibraltar 2007}) 16. Nf1 Nh7 (16... Ng6 $5 {[%cal Rg6h4]} 17. Nf3 Nf4 $11) 17. Ne3 f5 18. exf5 Nxf5 19. Nhxf5 Bxf5 20. Nxf5 Rxf5 21. Bc2 Rf4 22. a4 b4 23. Re4 Rxe4 24. Bxe4 Ng5 25. Bd3 e4 26. Bc2 bxc3 27. bxc3 Qf6 28. h4 e3 (28... Nf7 $142) 29. fxe3 $16 (29. hxg5 $6 Qxf2+ 30. Kh2 Qh4+ 31. Kg1 Qf2+ 32. Kh2 Rf7 $11) 29... Nf7 (29... Rf7 $16 30. Qe2 (30. hxg5 Qf2+ 31. Kh2 Qh4+ 32. Kg1 Qf2+ 33. Kh2 Qh4+ 34. Kg1 Qf2+ $11) 30... Nh7) 30. Qd4 Rc7 31. Rc1 ({Much weaker is} 31. Qxb6 $6 Qxc3 32. Rc1 g6 $11) 31... Qe7 (31... b5 $16 {is a better defense.}) 32. Bf5 ({Less strong is} 32. Qxb6 Rb7 $16) 32... Rc5 33. Rb1 Ne5 $2 (33... b5 {was called for.}) 34. Rxb6 $18 Rc4 (34... g6 $142) 35. Rb8+ Kf7 {[#]} 36. Qb6 $1 Qxh4 37. Qb7+ Qe7 38. Be6+ Kf6 {[#] Threatening ...Qxb7.} 39. Qb1 $1 {[%csl Ge6][%cal Rb1f5]} g6 40. Rg8 {Intending Qf1+ and mate.} Kg5 41. Qf5+ {Precision: White = 79%, Black = 30%.} 1-0

[Event "1st Irena Warakomska Memorial"]
[Site "Suwalki"]
[Date "2017.08.15"]
[Round "6"]
[White "Almasi, Istvan"]
[Black "Zielinski, Wojciech"]
[Result "1-0"]
[WhiteElo "2408"]
[BlackElo "2105"]
[Annotator "NA"]
[PlyCount "117"]
[EventDate "2017.??.??"]
[EventType "swiss"]
[EventCountry "POL"]
[SourceTitle "playchess.com"]
[Source "ChessBase"]
[SourceQuality "1"]
[TimeControl "40/5400+30:1800+30"]

1. d4 e6 2. c4 Nf6 3. Nf3 b6 4. g3 Bb7 5. Bg2 c5 6. d5 exd5 7. Ng5 {E16: Queen's Indian: 4 g3 Bb7 5 Bg2 Bb4+} Ne4 8. Nxe4 dxe4 9. Nc3 d5 $146 ({Predecessor:} 9... Be7 10. Nxe4 Nc6 11. Bf4 Na5 12. O-O O-O 13. Qc2 Qc8 14. Rad1 Bc6 {1-0 (84) Cheparinov,I (2681)-Ynojosa Aponte,F (2374) Istanbul 2012}) 10. Nxd5 Bxd5 11. Qxd5 Qxd5 12. cxd5 f5 13. Bf4 Kd7 14. Bh3 g6 15. g4 Bd6 16. Bxd6 Kxd6 17. gxf5 Kxd5 18. Rg1 Nc6 19. fxg6 hxg6 20. Rg5+ Kc4 21. Be6+ Kb4 22. a3+ Ka5 23. O-O-O Rad8 24. Bd5 Ne7 25. Bxe4 Rxd1+ 26. Kxd1 Rxh2 27. Ke1 Ka4 28. Bc2+ Kb5 29. Bxg6 Nxg6 30. Rxg6 Kc4 31. Rg3 b5 32. Rc3+ Kd5 33. Rd3+ Ke5 34. Re3+ Kd4 35. Re7 a5 36. f4 b4 37. axb4 axb4 38. f5 Rh1+ 39. Kd2 Rf1 40. b3 Rf2 41. Re8 Rf1 $2 (41... Rg2 $16 {is more resistant.} 42. Rc8 Rf2) 42. e3+ Kd5 43. Ke2 Rh1 44. f6 Rh2+ 45. Kd3 Rf2 46. e4+ $18 Kc6 47. Re6+ Kd7 48. Ra6 Rf3+ 49. Kc4 Rc3+ 50. Kd5 Rxb3 51. Ra7+ Ke8 52. Ke6 Ra3 53. Rb7 Ra6+ 54. Kf5 Ra2 55. e5 Ra1 56. e6 Rf1+ 57. Ke5 Re1+ 58. Kd5 Rd1+ 59. Kc6 {Kd7} 1-0